| 000 | 00746cam a2200217 a 4500 | ||
|---|---|---|---|
| 001 | 000009876 | ||
| 005 | 20200929161737.0 | ||
| 008 | 800811s1978 pr 001 p spa | ||
| 040 |
_aDO-SdBNP _cDLC _dDLC |
||
| 082 |
_aPR861.44 _bS237d |
||
| 100 | 1 |
_aSantos Silva, Loreina. _924807 |
|
| 245 | 1 | 0 |
_aDel onto / _cLoreina Santos Silva ; prólogo, Adelaide Lugo Guernelli. |
| 260 |
_aSan Juan, Puerto Rico : _bInstituto de Cultura Puertorriqueña, _c1978. |
||
| 300 |
_a102 p. : _bil. ; _c18 cm. |
||
| 490 | 1 | _aLiteratura Hoy | |
| 650 | 4 |
_aPoesía puertorriqueña _91015 |
|
| 650 | 4 |
_aLiteratura puertorriqueña _9250 |
|
| 700 | 1 |
_aGuernelli, Adelaide Lugo, _eprol. _924810 |
|
| 830 | 0 |
_aLiteratura Hoy _914752 |
|
| 910 | _aCatalogación por copia / LC | ||
| 999 |
_c9635 _d9635 |
||